000 00270nam a2200109Ia 4500
008 190914s9999||||xx |||||||||||||| ||und||
100 _aJoseph C. Trezzo
245 0 _aORACLE PL/ SQL Tips And Techniques
260 _aLondon
_bAddison
_c2016
300 _a344
942 _cBK
999 _c8535
_d8535